[Event "Olomouc Sigma 21th"]
[Site "Olomouc"]
[Date "1988.08.17"]
[Round "7"]
[White "Travnicek, Peter"]
[Black "Hesse, Peter"]
[Result "0-1"]
[WhiteElo "2295"]
[BlackElo "2370"]
[PlyCount "114"]
[EventDate "1988.08.11"]
[EventType "tourn"]
[EventRounds "11"]
[EventCountry "CSR"]
[EventCategory "4"]
[SourceTitle "EXT 2005"]
[Source "ChessBase"]
[SourceDate "2004.11.15"]
[SourceVersion "1"]
[SourceVersionDate "2004.11.15"]
[SourceQuality "1"]

1. Nf3 Nf6 2. d4 g6 3. c3 Bg7 4. Bf4 d6 5. h3 0-0 6. e3 Nbd7 7. Bc4 Qe8 8. 0-0 e5 9. dxe5 dxe5 10. Bh2 Qe7 11. Qe2 Re8 12. Nbd2 a6 13. e4 Nh5 14. Qe3 h6 15. g4 Nhf6 16. g5 Nh5 17. gxh6 Bf6 18. Kh1 Nf8 19. Rg1 Kh8 20. Ne1 Be6 21. Be2 Rad8 22. Bxh5 gxh5 23. Rd1 Ng6 24. Nd3 Rg8 25. b3 Kh7 26. Nf3 Bc8 27. Nb4 Rxd1 28. Rxd1 c6 29. Rg1 Qe6 30. h4 Nxh4 31. Rxg8 Kxg8 32. Nxh4 Bxh4 33. Nd3 f6 34. f4 exf4 35. Bxf4 Kh7 36. e5 Qd5+ 37. Kh2 Bf5 38. Nb4 Qd7 39. Qc5 fxe5 40. Qxe5 Kg6 41. a4 Bf6 42. Qe3 h4 43. Na2 Qe6 44. Qxe6 Bxe6 45. c4 Kf5 46. Bd6 Ke4 47. Nc1 Ke3 48. h7 Bf5 49. b4 Bxh7 50. Nb3 Bf5 51. Na5 Bc8 52. b5 cxb5 53. cxb5 axb5 54. axb5 Kd4 55. b6 Kc3 56. Bc5 Be5+ 57. Kg1 h3 0-1